Jóvenes, universidad y compromiso social: una experiencia de inserción comunitaria

Збережено в:
Бібліографічні деталі
Автори: García Roca, Joaquín (Автор), Mondaza Canal, Guillermo (Автор)
Формат: Книга
Мова:Іспанська
Опубліковано: Madrid Narcea 2002
Серія:Colección Narcea Universitaria
Предмети:
Теги: Додати тег
Немає тегів, Будьте першим, хто поставить тег для цього запису!

MARC

LEADER 00000nam a2200000 a 4500
001 UCJ2284
003 CL-VaPUC
008 061207e20020000SP |||||||||||||||||spa|d
020 |a 8427713789 
082 0 4 |a 378.103  |b GAR  |2 21 
100 |a García Roca, Joaquín  |e author  |9 595670 
700 0 |a Mondaza Canal, Guillermo  |e author  |9 503275 
245 1 0 |a Jóvenes, universidad y compromiso social: una experiencia de inserción comunitaria 
300 |a 214 p 
942 |c BK 
945 |d 20061207 00:00:00  |a cmena 
260 |a Madrid  |b Narcea  |c 2002 
650 0 |a Trabajo social   |9 307856 
650 0 |a Alumnos universitarios   |9 352602 
650 0 |a Universidades  |9 256317 
650 0 |a Educación superior   |9 223851 
650 0 |a Problemas sociales  |9 258537 
583 |a last modification  |c 20061207 00:00:00  |k Rodrigo Vera 
490 0 |a Colección Narcea Universitaria 
999 |c 318633  |d 318631 
952 |0 0  |1 0  |4 0  |6 378_103000000000000_GAR_2002  |7 0  |8 A  |9 396580  |a BIBEDU  |b BIBEDU  |d 2019-11-22  |i 4304942  |o 378.103 GAR 2002  |p 4304942  |r 2019-11-22  |w 2019-11-22  |y BK  |k PSI